Obálka Náhled e-knihy:
PDF
Pro půjčování e-knih musíte být přihlášeni.
Jak si půjčit online?

Hurvínkovo přání /

Být malým klukem Hurvínka nebaví! Musí poslouchat taťuldu, a když ho ještě ke všemu pokladní nepustí do kina na premiéru jeho nejoblíbenějšího filmového hrdiny, protože je ještě malý, má toho dost. Bloumá nešťastně prázdnou pasáží, když uslyší písničku starého flašinetáře. Kde se tu tak najednou vza...

Celý popis

Uloženo v:
Hlavní autor: Klásek, Martin (Autor)
Médium: E-kniha
Jazyk:Czech
Vydáno: Praha : Albatros Media a.s., 2016
Tagy:
Žádné tagy
LEADER 01575nam a22002297i 4500
001 310594
007 ta
008 260601s2016 xr ||||| |||| 00| 0 cze d
020 |a 9788025327401 
044 |a xr 
100 1 |a  Klásek, Martin  |4 aut 
245 1 0 |a Hurvínkovo přání /  |c  Klásek, Martin 
264 1 |a Praha :  |b Albatros Media a.s.,  |c 2016 
300 |a 1 online zdroj (48 stran) 
336 |a text  |b txt  |2 rdacontent 
337 |a bez média  |b n  |2 rdamedia 
338 |a online zdroj  |b cr  |2 rdacarrier 
520 2 |a Být malým klukem Hurvínka nebaví! Musí poslouchat taťuldu, a když ho ještě ke všemu pokladní nepustí do kina na premiéru jeho nejoblíbenějšího filmového hrdiny, protože je ještě malý, má toho dost. Bloumá nešťastně prázdnou pasáží, když uslyší písničku starého flašinetáře. Kde se tu tak najednou vzal? Jak se ukáže, není to jen tak obyčejný flašinetář, ale kouzelný dědeček, který může Hurvínkovi splnit přání. Hurvínek nemusí dlouho přemýšlet, přeje si být DOSPĚLÝ! Jestli se mu jeho přání vyplní a v dospělém těle bude tak šťastný, jak očekával, to prozradí tento pohádkový příběh. 
910 |a RBIT002 
998 |d 171123  |a https://core.palmknihy.cz/api/books/171123/cover?xsbxwy  |b https://core.palmknihy.cz/api/books/171123/cover/400?1icpdu  |c https://core.palmknihy.cz/api/books/171123/cover/50?q9tj7  |e 2037-12-31  |g 48  |i 9788025327401  |k https://core.palmknihy.cz/api/books/171123/preview.pdf  |l   |q 49  |r 1  |s https://www.palmknihy.cz/kniha/171123  |t ebook  |y 2016  |z 1 
999 |d 310592